| 000 | 00353nam a2200145Ia 4500 | ||
|---|---|---|---|
| 008 | 210210b1964 xxu||||| |||| 00| 0 eng d | ||
| 041 | _aeng | ||
| 082 | _a824/6 | ||
| 100 | _aALEXANDER (Peter) | ||
| 245 | _aShakespeare | ||
| 260 |
_aLondon _bOxford University Press _c1964 |
||
| 650 | _aShakespeare | ||
| 690 | _aEnglish Criticism | ||
| 906 | _a013960 | ||
| 999 |
_c133033 _d133033 |
||